San Francisco Javier (1506-1552) / (Record no. 35922)

MARC details
000 -LEADER
campo de control de longitud fija 00596nam a2200181 i 4500
001 - NÚMERO DE CONTROL
campo de control 35922
003 - IDENTIFICADOR DE NÚMERO DE CONTROL
campo de control ES-MaACL
005 - FECHA Y HORA DE LA ÚLTIMA TRANSACCIÓN
campo de control 20230906155239.0
007 - CAMPO FIJO DE DESCRIPCIÓN FÍSICA--INFORMACIÓN GENERAL
campo de control de longitud fija t|
008 - DATOS DE LONGITUD FIJA--INFORMACIÓN GENERAL
campo de control de longitud fija 030214s1960 sp ||||1| spa d
100 1# - ENTRADA PRINCIPAL--NOMBRE DE PERSONA
Nombre de persona Brodrick, James.
9 (RLIN) 31860
245 10 - MENCIÓN DEL TÍTULO
Título San Francisco Javier (1506-1552) /
Mención de responsabilidad, etc. James Brodrick ; traducción por María del Camino Huici de Redón.
260 ## - PUBLICACIÓN, DISTRIBUCIÓN, ETC.
Lugar de publicación, distribución, etc. Madrid :
Nombre del editor, distribuidor, etc. Espasa-Calpe,
Fecha de publicación, distribución, etc. 1960.
300 ## - DESCRIPCIÓN FÍSICA
Extensión 563 p., 8 lám. ;
Dimensiones 23 cm.
600 04 - PUNTO DE ACCESO ADICIONAL DE MATERIA--NOMBRE DE PERSONA
Nombre de persona Francisco Javier
Títulos y otros términos asociados al nombre Santo.
9 (RLIN) 52196
700 1# - ENTRADA AGREGADA--NOMBRE PERSONAL
Nombre de persona Huici de Redón, María del Camino.
9 (RLIN) 64661
852 ## - LOCALIZACIÓN
Ubicación ES-MaACL
Número de control de estantería C-17456
Sublocalización o colección R.45618
Holdings
Estatus retirado Estado de pérdida Estado de daño No para préstamo Biblioteca de origen Biblioteca actual Ubicación en estantería Fecha de adquisición Fuente de adquisición Total de préstamos Signatura topográfica completa Código de barras Visto por última vez Precio de reemplazo Tipo de ítem Koha
        Biblioteca del Ateneo de Madrid Biblioteca del Ateneo de Madrid Galería 17/01/2008     C-17456 1037657 23/02/2023 23/02/2023 Libro impreso